Normal view
MARC view
- المحاكم الجنائية -- الأردن -- قانون الإجراءات الجنائية -- الأردن
Entry Topical Term
001 - CONTROL NUMBER
- control field: 52983
003 - CONTROL NUMBER IDENTIFIER
- control field: JO-AjAnu
005 - DATE AND TIME OF LATEST TRANSACTION
- control field: 20230606082714.0
008 - FIXED-LENGTH DATA ELEMENTS
- fixed length control field: 230606|| aca||aabn | a|a d
040 ## - CATALOGING SOURCE
- Original cataloging agency: JO-AjAnu
- Transcribing agency: JO-AjAnu
150 ## - HEADING--TOPICAL TERM
- Topical term or geographic name entry element: المحاكم الجنائية -- الأردن -- قانون الإجراءات الجنائية -- الأردن
670 ## - SOURCE DATA FOUND
- Source citation: Work cat.: (JO-AjAnu)27070: نجم، محمد صبحي, author 52982, قانون أصول المحاكمات الجزائية رقم 9 لسنة 1961 م. : أحكام تطبيقه ومضمونه